| 000 | 01249nam a2200241Ia 4500 | ||
|---|---|---|---|
| 003 | Ost | ||
| 005 | 20260507075501.0 | ||
| 008 | 260507s9999||||xx |||||||||||||| ||und|| | ||
| 020 | _a3105014 | ||
| 040 | _cfsecg | ||
| 041 | _aara | ||
| 082 | _a510 | ||
| 100 |
_aشمعون، شمعون _eمؤلف |
||
| 245 | 0 |
_aالرياضيات الاقتصادية / _c شمعون شمعون |
|
| 250 | _aطبعة 3 | ||
| 260 |
_aالجزائر: _bديوان المطبوعات الجامعية, _c1998 |
||
| 300 |
_a400 صفحة؛ _bإيضاحات ؛ _c22 سم |
||
| 504 | _aببليوغرافيا:ص.400 | ||
| 520 | _aالقسم النظري:نظرية المجموعات،المحددات،الدوال،المتواليات،التحليل المزجي،المعادلات التفاضلية،المثلوية،اتخاذ القرارات الإقتصادية،القسم التطبيقي:مفهوم المرونة،توازن السوق،المنافسة الاحتكارية،الإنتاج المشترك،فائض المستهلك والمنتج،تطبيق المتواليات الاقتصادية،مسائل طرحت في امتحانات الماجستير | ||
| 653 | _aاقتصاد | ||
| 653 | _aالرياضيات | ||
| 942 | _cكتاب | ||
| 999 |
_c44692 _d44692 |
||